Entry Nombre personal
001 - NÚMERO DE CONTROL
- campo de control: 162987
003 - IDENTIFICADOR DE NÚMERO DE CONTROL
- campo de control: SpMaBN
005 - FECHA Y HORA DE LA ÚLTIMA TRANSACCIÓN
- campo de control: 20250801174057.0
008 - ELEMENTOS DE DATO DE LONGITUD-FIJA
- campo de control de longitud fija: 901107nn aijnnaabn a aaa
016 ## - NÚMERO DE CONTROL DE UNA AGENCIA BIBLIOGRÁFICA NACIONAL
- Número de control del registro: BNE19911544105
024 7# - IDENTIFICADOR DE OTROS ESTÁNDARES
- Número estándar o código: http://viaf.org/viaf/64011521/
- Fuente: viaf
024 7# - IDENTIFICADOR DE OTROS ESTÁNDARES
- Número estándar o código: https://isni.org/isni/0000000109085352
- Fuente: isni
024 7# - IDENTIFICADOR DE OTROS ESTÁNDARES
- Número estándar o código: http://www.wikidata.org/entity/Q1871956
- Fuente: wikidata
040 ## - FUENTE DE CATALOGACIÓN
- Centro catalogador/agencia de origen: SpMaBN
- Lengua de catalogación: spa
- Centro/agencia transcriptor: SpMaBN
- Normas de descripción: rdc
- Convención/Normas de encabezamiento de materia/tesauro: embne
100 1# - ENCABEZAMIENTO-NOMBRE DE PERSONA
- Nombre de persona: Sala-Molins, Lluís,
- Fechas asociadas al nombre: 1935-
375 ## - GÉNERO/SEXO
- Género: Masculino
377 ## - IDIOMA ASOCIADO
- Código del idioma: fre
- Término de lengua/lenguaje: Francés
400 1# - TRAZADO DE VÉASE--NOMBRE DE PERSONA
- Nombre de persona: Sala Molins, Lluís,
- Fechas asociadas al nombre: 1935-
400 1# - TRAZADO DE VÉASE--NOMBRE DE PERSONA
- Nombre de persona: Sala-Molins, Louis,
- Fechas asociadas al nombre: 1935-
670 ## - FUENTE DE DATOS ENCONTRADOS
- Cita de la fuente: De rege, de libertate, 1988
- Información encontrada: port. (Lluís Sala-Molins)
670 ## - FUENTE DE DATOS ENCONTRADOS
- Cita de la fuente: L'Afrique aux Amériques, 1992
- Información encontrada: port. (Louis Sala-Molins) p. 3 de la cub. (Louis Sala-Molins est né en Catalogne; prof. de philosophie politique à Toulouse)
